| 000 | 00778nam a22002177a 4500 | ||
|---|---|---|---|
| 003 | OSt | ||
| 005 | 20140310182158.0 | ||
| 008 | 130902t xxu||||| |||| 00| 0 eng d | ||
| 020 | _a9711058014 | ||
| 050 |
_aE 661.7 _b.F819 1985 |
||
| 082 |
_aHS 325.373 _bF84 1985 |
||
| 100 |
_aFrancisco, Luzviminda Bartolome. _916104 |
||
| 245 |
_aConspiracy for empire : _bbig business, corruption, and the politics of imperialism in America, 1876-1907 / _cLuzviminda Bartolome Francisco, Jonathan Shepard Fast. |
||
| 260 |
_aQuezon City : _bFoundation for Nationalist Studies, _cc1985. |
||
| 300 |
_axii,428 p. : _c22 cm. |
||
| 500 | _aIncludes Index | ||
| 541 | _j1 | ||
| 562 | _e1 | ||
| 650 |
_aPhilippines-- _xForeign relations. _xUnited States. _916105 |
||
| 942 |
_2lcc _cHS |
||
| 999 |
_c10154 _d10154 |
||